| 000 | 01895cam a2200361 a 4500 | ||
|---|---|---|---|
| 001 | 17417935 | ||
| 005 | 20170105102839.0 | ||
| 008 | 120805s2013 enk b 001 0 eng c | ||
| 010 | _a 2012031627 | ||
| 020 | _a9780415625876 (hardback) | ||
| 020 | _a9780203067420 (ebook) | ||
| 040 |
_aNIC/DLC _cNIC _dDLC |
||
| 042 | _apcc | ||
| 050 | 0 | 0 |
_aHV6431 _b.A278 2013 |
| 082 | 0 | 0 |
_a363.325 _223 |
| 100 | 1 | _aAcharya, Arabinda. | |
| 245 | 1 | 0 |
_aTen years after 9/11 : _brethinking the Jihadist threat / _cArabinda Acharya. |
| 246 | 3 | _a10 years after 9/11 | |
| 260 |
_aLondon ; _aNew York : _bRoutledge, _c2013. |
||
| 300 |
_axiv, 192 p. ; _c24 cm. |
||
| 490 | 0 |
_aRoutledge security in Asia Pacific series ; _v23 |
|
| 504 | _aIncludes bibliographical references (p. [127]-186) and index. | ||
| 505 | 0 | _a9/11 and globalization of violence -- Construction of the adversary -- Strategy of the global jihadist movement -- Tactics of the global jihadist movement -- Fighting the jihadist threat -- Ten years after : bringing the conflict to an end -- Conclusion : stealing jihadists' playbook, exploiting the fissures within the jihadist movement. | |
| 520 | _a"Ten years after the 9/11 attacks, this book reassesses the effectiveness of the "War on Terror", considers how al-Qaeda and other jihadist movements are faring, explores the impact of wider developments in the Islamic world such as the Arab Spring, and discusses whether all this suggests that a new approach to containing international, especially jihadist, terrorism is needed"--Provided by publisher. | ||
| 610 | 2 | 0 | _aQaida (Organization) |
| 650 | 0 |
_aTerrorism _xPrevention. |
|
| 650 | 0 |
_aTerrorism _xReligious aspects _xIslam. |
|
| 650 | 0 | _aJihad. | |
| 650 | 0 | _aWar on Terrorism, 2001-2009. | |
| 906 |
_a7 _bcbc _corignew _d1 _eecip _f20 _gy-gencatlg |
||
| 942 |
_2ddc _cBK |
||
| 999 |
_c13816 _d13816 |
||